関西六大学出身の現役選手(2026) - Statistics

General Stats
  • This quiz has been taken 11 times
  • The average score is 6 of 18
Answer Stats
大学名 現所属 ポジション 選手名 % Correct
京都産業 日本ハム 投手 北山亘基
91%
大阪商業 西武 外野手 渡部聖弥
73%
大阪商業 広島 投手 髙太一
55%
大阪学院 日本ハム 外野手 エドポロケイン
45%
大阪商業 楽天 捕手 太田光
45%
京都産業 オリックス 投手 平野佳寿
36%
大阪商業 阪神 外野手 小野寺暖
27%
大阪商業 中日 投手 橋本侑樹
27%
大阪商業 ヤクルト 投手 大西広樹
27%
大阪商業 ソフトバンク 投手 鈴木豪太
27%
大阪商業 西武 投手 上田大河
27%
龍谷* 楽天 投手 瀧中瞭太
27%
大阪経済 オリックス 投手 才木海翔
27%
京都産業* 西武 外野手 川田悠慎
18%
大阪商業* 阪神 投手 伊原陵人
18%
大阪商業 中日 外野手 福元悠真
18%
大阪経済 阪神 投手 津田淳哉
18%
大阪商業 ソフトバンク 投手 岡田皓一朗
9%
No matching quizzes found
Score Distribution
Percent of People with Each Score
Percentile by Number Answered
Your Score History
You have not taken this quiz